The monadology (Record no. 17975)
[ view plain ]
| 000 -LEADER | |
|---|---|
| fixed length control field | 01060nam a2200265Ia 4500 |
| 100 1# - MAIN ENTRY--AUTHOR NAME | |
| Personal name | Leibniz, Gottfried Wilhelm, |
| 245 14 - TITLE STATEMENT | |
| Title | The monadology |
| 260 ## - PUBLICATION, DISTRIBUTION, ETC. (IMPRINT) | |
| Place of publication | Blacksburg, VA : |
| Name of publisher | Virginia Tech, |
| Year of publication | 2001. |
| 300 ## - PHYSICAL DESCRIPTION | |
| Number of Pages | 13 p. |
| 650 #0 - SUBJECT ADDED ENTRY--TOPICAL TERM | |
| Topical Term | Monadology |
| Topical Term | Metaphysics. |
| 700 1# - ADDED ENTRY--PERSONAL NAME | |
| Personal name | Latta, Robert, |
| 856 40 - ELECTRONIC LOCATION AND ACCESS | |
| Uniform Resource Identifier | http://site.ebrary.com/lib/rucke/Doc?id=5000879 |
No items available.
